[Event "San Jose Solidario Blitz op 1st"]
[Site "San Jose"]
[Date "2024.05.04"]
[Round "9"]
[White "Angulo Cubero, Oscar"]
[Black "Alvarado Machado, Verny"]
[Result "1-0"]
[WhiteElo "2134"]
[BlackElo "2039"]
[PlyCount "149"]
[EventDate "2024.05.04"]
[EventType "swiss (blitz)"]
[EventRounds "9"]
[EventCountry "CRI"]
[SourceTitle "CB20_2024"]
[SourceDate "2024.05.16"]
[SourceVersion "1"]
[SourceVersionDate "2024.05.16"]
[SourceQuality "1"]

1. d4 Nf6 2. Bg5 e6 3. e4 Be7 4. Bxf6 Bxf6 5. c3 d6 6. Nd2 0-0 7. g3 b6 8. Bg2 Bb7 9. Ne2 Nd7 10. 0-0 e5 11. Rc1 c5 12. Nc4 Qe7 13. d5 g6 14. Ne3 Bg7 15. Bh3 Nf6 16. f3 Ba6 17. Rf2 Nh5 18. Qa4 Bxe2 19. Rxe2 Qg5 20. Kh1 Bh6 21. Rf1 Qe7 22. Nc4 Rad8 23. Qc2 Ng7 24. g4 Bf4 25. Ree1 Qh4 26. Qg2 h5 27. Rg1 Qg5 28. gxh5 Qxg2+ 29. Rxg2 Nxh5 30. Bg4 Nf6 31. h4 Kg7 32. Kg1 Rh8 33. h5 Nxh5 34. Bxh5 Rxh5 35. Kf2 b5 36. Na5 Rdh8 37. Nb7 Rh2 38. Reg1 Rxg2+ 39. Rxg2 Rh1 40. Nxd6 a6 41. Ke2 Rb1 42. Kd3 Rd1+ 43. Kc2 Ra1 44. a3 Rf1 45. c4 bxc4 46. Nxc4 Rxf3 47. Nd6 Rf1 48. Kb3 Kf6 49. Ne8+ Ke7 50. Nc7 a5 51. Ka4 g5 52. Kxa5 Re1 53. d6+ Kd7 54. Nd5 Rxe4 55. Nf6+ Ke6 56. Nxe4 f5 57. Nxg5+ Kxd6 58. Nh3 Be3 59. b4 c4 60. Ka4 f4 61. Re2 Kd5 62. b5 Bd4 63. Ng5 Kc5 64. Ka5 c3 65. Ka4 Kc4 66. Ne4 f3 67. Re1 Kd3 68. Ng3 f2 69. Rh1 c2 70. Kb3 e4 71. Nxe4 Kxe4 72. Kxc2 Kf3 73. Kd3 Bb6 74. Rf1 Kg2 75. Ke2 1-0